Most spoken Languages in The USA - Statistics

General Stats
  • This quiz has been taken 1,188 times
    840 since last reset
  • The average score is 14 of 20
Answer Stats
# of Speakers Language % Correct
239 million English
100%
41 million Spanish
100%
1.2 million French
98%
3.5 million Chinese
96%
0.92 million German
94%
0.79 million Portuguese
90%
0.46 million Japanese
89%
0.94 million Russian
88%
0.58 million Italian
87%
1.2 million Arabic
85%
0.86 million Hindi
82%
1.1 million Korean
82%
0.52 million Polish
71%
1.5 million Vietnamese
68%
1.7 million Tagalog
60%
0.42 million Persian (Farsi, Dari, Tajik)
51%
0.87 million Haitian Creole
28%
0.51 million Yiddish
23%
0.41 million Gujarati
17%
0.37 million Telugu
15%
No matching quizzes found
Score Distribution
Percent of People with Each Score
Percentile by Number Answered
Your Score History
You have not taken this quiz since the last reset